MARC

LEADER 00000nam0a2200000 4500
001 188035
005 20231031174651.0
035 |a (RuTPU)RU\TPU\book\204111 
090 |a 188035 
100 |a 20101130d1978 m y0rusy50 ca 
101 0 |a rus 
102 |a RU 
105 |a a z 001zy 
200 1 |a Контактные соединения токоведущих шин  |f В. И. Бойченко, Н. Н. Дзекцер 
210 |a Ленинград  |c Энергия  |d 1978 
215 |a 144 с.  |c ил. 
320 |a Библиогр.: с. 140-142. 
610 1 |a токопроводы 
610 1 |a распределительные устройства 
610 1 |a электроустановки 
610 1 |a конструкции 
610 1 |a контактные соединения 
610 1 |a расчет 
610 1 |a шины 
610 1 |a контакты 
610 1 |a конструкции 
610 1 |a испытания 
675 |a 621.316.3  |v 3 
700 1 |a Бойченко  |b В. И.  |g Владимир Иванович 
701 1 |a Дзекцер  |b Н. Н.  |g Наум Наумович 
801 1 |a RU  |b 63413507  |c 20101130 
801 2 |a RU  |b 63413507  |c 20110114  |g RCR 
942 |c BK